| 000 | 00389nam a2200181Ia 4500 | ||
|---|---|---|---|
| 005 | 20250423095952.0 | ||
| 008 | 250422s9999 xx 000 0 und d | ||
| 020 | _a1854318241 | ||
| 050 | _aKN 210 .G2/ | ||
| 100 | _aGary Watt | ||
| 245 | 0 | _aLaw of Trust | |
| 260 | _aEngland | ||
| 260 | _bBlackstone | ||
| 260 | _c1998 | ||
| 300 | _a418 p | ||
| 650 | _aLaw of Trust | ||
| 942 | _cBK | ||
| 999 |
_c31885 _d31885 |
||